A natúrkozmetikai termékek értékesítési sajátosságainak elemzése, a Manna cégcsoport tevékenysége tükrében

Bibliographic Details
Main Author: Friedreich Sára Kinga
Other Authors: Fabula Mr. László
Format: Thesis
Kulcsszavak:natúrkozmetikum
Manna
kozmetika
Online Access:http://dolgozattar.uni-bge.hu/14929

MARC

LEADER 00000nta a2200000 i 4500
001 dolg14929
005 20180925115015.0
008 180425suuuu hu om 000 hun d
040 |a BGE Dolgozattár Repozitórium  |b hun 
041 |a hu 
100 1 |a Friedreich Sára Kinga 
245 1 2 |a A natúrkozmetikai termékek értékesítési sajátosságainak elemzése, a Manna cégcsoport tevékenysége tükrében  |c Friedreich Sára Kinga  |h [elektronikus dokumentum] 
246 1 1 |a A natúrkozmetikai termékek értékesítési sajátosságainak elemzése, a Manna cégcsoport tevékenysége tükrében 
246 1 1 |a - 
695 |a natúrkozmetikum 
695 |a Manna 
695 |a kozmetika 
700 1 |a Fabula Mr. László  |e ths 
856 4 0 |u http://dolgozattar.uni-bge.hu/14929/1/Friedreich%20S%C3%A1ra%20Kinga_szakdolgozat.pdf  |z Dokumentum-elérés